Quizzes
Events
Quiz Creation
Community
Videos
Private Events
Remove Ads
Sign In
Join for FREE
Feedback
Dark Mode
Quiz Categories
Sports
Geography
Music
Movies
Television
Just For Fun
Miscellaneous
History
Literature
Language
Science
Gaming
Entertainment
Religion
Holiday
For Kids
Quiz Lab
Recent
Popular Today
Quiz Kudos Today
Editor Picks
Curator Picks
Quizzes by...
Day
Popularity
Type
Ratings
Length
Year
Community
Subscriptions
Recent Discussions
Orange Saloon
Badges
Playlists
Quests
Create
Leaderboards
Showdown
Live 5
Trivia Bingo
Activity
Puzzle Library
Sporcle Events
Private Events
Virtual Trivia
Globe League
Become a Host
Pub Owners
SporcleCon
Opinionation
Our Games
Videos
Blog
Mobile Apps
Partnerships
Remove Ads and Go Orange
Feedback
Movies
Disney
Marvel Cinematic Universe
Movie Resume
Movie Titles
Oscar
Actor
Actress
Director
Pixar
Role
Movie Quotes
Movie Characters
Box Office
Nominee
Best Picture
Star Wars
James Bond
Horror Movies
Movies
Disney
Marvel Cinematic Universe
Movie Resume
Movie Titles
Oscar
Actor
Actress
Director
Pixar
Role
Movie Quotes
Movie Characters
Box Office
Nominee
Best Picture
Star Wars
James Bond
Horror Movies
Random Quiz
Search Sporcle
×
Quiz Lab
Quiz Lab
Movies
Awards Volume
Type in answers that appear in a list
Type in answers that appear in a list
Classic
Best Score? Go Orange.
The Academy Awards: Volume 9 Stats
Can you name the The Academy Awards: Volume 9?
By
DanTravers1
20m
200 Questions
4,535 Plays
4,535 Plays
4,535 Plays
Comments
Comments
Give Quiz Kudos
Give Quiz Kudos
-
- Ratings
hide this ad
More Info
Replay
Link that replays current quiz
Next Quiz
Link to next quiz in quiz playlist
You Got
0%
They Got
Avg Score
87%
Avg Friend Score
Upgrade to see
Score Distribution
Jump to the score distribution portion of the page
Score
0/200
Timer
20:00
0
Plays Today
% Correct
TOM HANKS, PHILADELPHIA
99.4%
TOM HANKS, FORREST GUMP
99.4%
Tom Hanks, Saving Private Ryan
99.4%
Tom Hanks, Cast Away
99.4%
FORREST GUMP
97.8%
Ralph Fiennes, The English Patient
97.5%
Ralph Fiennes, Schindler's List
97.4%
SCHINDLER'S LIST
97.4%
JACK NICHOLSON, AS GOOD AS IT GETS
97.3%
Kate Winslet, Sense and Sensibility
97.3%
Kate Winslet, Titanic
97.3%
HELEN HUNT, AS GOOD AS IT GETS
97.2%
Russell Crowe, The Insider
97.2%
RUSSELL CROWE, GLADIATOR
97.2%
KEVIN SPACEY, THE USUAL SUSPECTS
96.9%
TITANIC
96.9%
KEVIN SPACEY, AMERICAN BEAUTY
96.9%
THE ENGLISH PATIENT
96.7%
Liam Neeson, Schindler's List
96.6%
SHAKESPEARE IN LOVE
96.6%
GWYNETH PALTROW, SHAKESPEARE IN LOVE
96.5%
GLADIATOR
96.2%
John Travolta, Pulp Fiction
96%
Samuel L. Jackson, Pulp Fiction
96%
Pulp Fiction
95.9%
AMERICAN BEAUTY
95.8%
Matt Damon, Good Will Hunting
95.7%
Judi Dench, Mrs. Brown
95.6%
JUDI DENCH, SHAKESPEARE IN LOVE
95.6%
Judi Dench, Chocolat
95.6%
Tom Cruise, Jerry Maguire
95.5%
Susan Sarandon, The Client
95.5%
SUSAN SARANDON, DEAD MAN WALKING
95.5%
Tom Cruise, Magnolia
95.4%
ROBIN WILLIAMS, GOOD WILL HUNTING
95.4%
Saving Private Ryan
95.4%
Emma Thompson, The Remains of the Day
95.2%
Emma Thompson, In the Name of the Father
95.2%
Emma Thompson, Sense and Sensibility
95.2%
Daniel Day-Lewis, In the Name of the Father
94.9%
As Good as It Gets
94.8%
HOLLY HUNTER, THE PIANO
94.6%
Holly Hunter, The Firm
94.6%
Anthony Hopkins, The Remains of the Day
94.5%
Anthony Hopkins, Nixon
94.5%
Anthony Hopkins, Amistad
94.5%
JULIETTE BINOCHE, THE ENGLISH PATIENT
94.4%
TOMMY LEE JONES, THE FUGITIVE
94.4%
Juliette Binoche, Chocolat
94.4%
BRAVEHEART
94.3%
Annette Bening, American Beauty
94.1%
JULIA ROBERTS, ERIN BROCKOVICH
94.1%
Sean Penn, Dead Man Walking
94%
Good Will Hunting
93.9%
Sean Penn, Sweet and Lowdown
93.9%
Morgan Freeman, The Shawshank Redemption
93.8%
Leonardo DiCaprio, What's Eating Gilbert Grape
93.6%
CUBA GOODING JR., JERRY MAGUIRE
93.6%
Sense and Sensibility
93.5%
The Remains of the Day
93.3%
The Shawshank Redemption
93.3%
In the Name of the Father
93.1%
Meryl Streep, The Bridges of Madison County
92.8%
Jerry Maguire
92.8%
Meryl Streep, One True Thing
92.8%
Meryl Streep, Music of the Heart
92.8%
The Piano
92.7%
% Correct
GEOFFREY RUSH, SHINE
92.3%
Geoffrey Rush, Shakespeare in Love
92.3%
Denzel Washington, The Hurricane
92.3%
ANNA PAQUIN, THE PIANO
92.3%
Geoffrey Rush, Quills
92.3%
FRANCES MCDORMAND, FARGO
91.9%
Ed Harris, The Truman Show
91.9%
Uma Thurman, Pulp Fiction
91.9%
Ed Harris, Pollock
91.9%
Ed Harris, Apollo 13
91.9%
Frances McDormand, Almost Famous
91.9%
Rosemary Harris, Tom & Viv
91.7%
Chocolat
91.6%
Erin Brockovich
91.4%
Apollo 13
91.3%
The Fugitive
91.2%
Fargo
90.8%
Kristin Scott Thomas, The English Patient
90.5%
MICHAEL CAINE, THE CIDER HOUSE RULES
90.5%
The Insider
90.4%
Gary Sinise, Forrest Gump
90.3%
NICOLAS CAGE, LEAVING LAS VEGAS
89.9%
Joan Allen, Nixon
89.9%
Joan Allen, The Crucible
89.9%
Joan Allen, The Contender
89.9%
Shine
89.6%
Joaquin Phoenix, Gladiator
89.6%
Greg Kinnear, As Good as It Gets
89.3%
JESSICA LANGE, BLUE SKY
88.9%
BENICIO DEL TORO, TRAFFIC
88.7%
William H. Macy, Fargo
88.6%
Haley Joel Osment, The Sixth Sense
88.6%
The Sixth Sense
88.4%
Traffic
88.1%
Winona Ryder, The Age of Innocence
88%
Winona Ryder, Little Women
88%
Cate Blanchett, Elizabeth
87.9%
HILARY SWANK, BOYS DON'T CRY
87.4%
The Cider House Rules
87.3%
Dustin Hoffman, Wag the Dog
87.3%
ROBERTO BENIGNI, LIFE IS BEAUTIFUL
87.3%
Elisabeth Shue, Leaving Las Vegas
86.7%
Minnie Driver, Good Will Hunting
86.5%
KIM BASINGER, L.A. CONFIDENTIAL
86.1%
Life Is Beautiful
86.1%
Kate Hudson, Almost Famous
86%
L.A. Confidential
85.8%
MARCIA GAY HARDEN, POLLOCK
85.8%
Babe
85.7%
Albert Finney, Erin Brockovich
85.7%
Helen Mirren, The Madness of King George
85.5%
ANGELINA JOLIE, GIRL, INTERRUPTED
85.4%
Elizabeth
85.3%
Brad Pitt, Twelve Monkeys
85.2%
MIRA SORVINO, MIGHTY APHRODITE
85.2%
Michael Clarke Duncan, The Green Mile
85%
The Green Mile
84.8%
Paul Newman, Nobody's Fool
84.6%
Julianne Moore, Boogie Nights
84.5%
Julianne Moore, The End of the Affair
84.5%
James Cromwell, Babe
84.4%
Jodie Foster, Nell
84.3%
DIANNE WIEST, BULLETS OVER BROADWAY
84.3%
Quiz Show
84.3%
Robert Duvall, The Apostle
84.1%
Robert Duvall, A Civil Action
84.1%
Nick Nolte, Affliction
83.9%
% Correct
Gloria Stuart, Titanic
83.8%
MARTIN LANDAU, ED WOOD
83.5%
Jeff Bridges, The Contender
83.2%
Laurence Fishburne, What's Love Got to Do with It
83.2%
Toni Collette, The Sixth Sense
82.9%
Angela Bassett, What's Love Got to Do with It
82.8%
Peter Fonda, Ulee's Gold
82.6%
Burt Reynolds, Boogie Nights
82.4%
Pete Postlethwaite, In the Name of the Father
82.2%
Four Weddings and a Funeral
82.1%
Laura Linney, You Can Count on Me
81.9%
Kathy Bates, Primary Colors
81.5%
Secrets & Lies
81.2%
The Thin Red Line
81%
JAMES COBURN, AFFLICTION
80.8%
Crouching Tiger, Hidden Dragon
80.7%
Nigel Hawthorne, The Madness of King George
80.7%
Ian McKellen, Gods and Monsters
80.5%
Diane Keaton, Marvin's Room
80.4%
Miranda Richardson, Tom & Viv
80.4%
The Postman
80.3%
Brenda Blethyn, Secrets & Lies
80.2%
Brenda Blethyn, Little Voice
80.1%
Chloe Sevigny, Boys Don't Cry
79.9%
Edward Norton, Primal Fear
79.8%
Edward Norton, American History X
79.8%
Emily Watson, Breaking the Waves
79.5%
Emily Watson, Hilary and Jackie
79.4%
Samantha Morton, Sweet and Lowdown
79.4%
Jennifer Tilly, Bullets Over Broadway
79.3%
Lynn Redgrave, Gods and Monsters
79.3%
The Full Monty
78.9%
Paul Scofield, Quiz Show
78.8%
John Malkovich, In the Line of Fire
78.7%
Sharon Stone, Casino
78.7%
Massimo Troisi, The Postman
78.3%
Lauren Bacall, The Mirror Has Two Faces
77.9%
Jude Law, The Talented Mr. Ripley
77.8%
Chazz Palminteri, Bullets Over Broadway
77.6%
Julie Christie, Afterglow
76.7%
Willem Dafoe, Shadow of the Vampire
76.7%
Debra Winger, Shadowlands
76.7%
Javier Bardem, Before Night Falls
76.6%
Ellen Burstyn, Requiem for a Dream
76.5%
Kathleen Quinlan, Apollo 13
76.4%
Billy Bob Thornton, Sling Blade
75.9%
Billy Bob Thornton, A Simple Plan
75.9%
Woody Harrelson, The People vs. Larry Flynt
75.7%
Stockard Channing, Six Degrees of Separation
75.1%
Helena Bonham Carter, The Wings of the Dove
75%
Rosie Perez, Fearless
74.8%
Richard Farnsworth, The Straight Story
74.8%
Richard Dreyfuss, Mr. Holland's Opus
74.7%
Armin Mueller-Stahl, Shine
74.4%
Joan Cusack, In & Out
73.1%
Tim Roth, Rob Roy
73%
Julie Walters, Billy Elliot
72.6%
Rachel Griffiths, Hilary and Jackie
72.4%
Fernanda Montenegro, Central Station
72.4%
Janet McTeer, Tumbleweeds
71.6%
Catherine Keener, Being John Malkovich
70.7%
Barbara Hershey, The Portrait of a Lady
68.9%
James Woods, Ghosts of Mississippi
68.9%
Marianne Jean-Baptiste, Secrets & Lies
68.7%
Mare Winningham, Georgia
68%
Robert Forster, Jackie Brown
66.9%
Quiz Playlist
Details
Report
Send in Message
Add To Playlist
More Info:
Winners are in CAPS.
Classic:
Type in answers that appear in a list
Quiz Source
Last Updated: Feb 16, 2017
Quiz Scoreboard
CHALLENGE
Sign Up to Join the Scoreboard
Show All
Scores
Hide
Comments
May contain spoilers
Recently Published
Presidents Visiting Landmarks
by Hejman
History
7m
An Introduction to Baseball
by treessimontrees
Sports
5m
Movies - When Are They Set?
by FPL_Elf
Movies
5m
More to Explore
Quiz From the Vault
Featured Blog Post
Where Did the Easter Bunny Come From?
hide this ad
You Might Also Like...
Tags
Academy
Award
Awards Volume
Volume
Today's Top Quizzes in Movies
Browse Movies
hide this ad
Top Contributed Quizzes in Movies
1
Pick 5 Posters: Directed by Spielberg
2
Pick 5 Posters: Lowest-Rated Spielberg
3
7-to-1: Pixar Characters
4
Multi-Oscar Nominations, One Movie, One Winner
5
Pick 5 Posters: Directed by Scorsese
6
12 Movies about Fictional 1960s Events
7
Pick 5 Posters: Star & Director
8
Sorting Actors
9
Sorting Actresses
10
One Thing in Common: Movies
Explore More
Trending Topics
Kpop
Anime
Harry Potter
Crossword
Disney
NBA
Marvel
NFL
WWE
The Office
Puzzle
Pokémon
Song
Soccer
Country
hide this ad
More By:
DanTravers1
Quiz
Plays
Rating
Category
Featured
Created
The Academy Awards: Volume 9
4,535
4.47
Movies
Feb 4, 2010
The Academy Awards: Volume 10
4,386
4.69
Movies
Feb 5, 2010
The Academy Awards: Volume 8
4,279
4.50
Movies
Feb 4, 2010
Oscar Winners in Best Pictures
3,231
4.43
Movies
Nov 11, 2010
The Academy Awards: Volume 11
2,848
4.00
Movies
Feb 5, 2010
Go to Creator's Profile
Score Distribution
Quiz Creator Spotlight
DanTravers1
Follow
Send a Message
Quizzes Created
-
Created Quiz Play Count
-
More By This Creator
Popular Quizzes Today
1
Find the US States - No Outlines Minefield
2
Find the Countries of Europe - No Outlines Minefield
3
The Countries of the World
4
Find the US States
5
Popular People in 1961
6
US States
7
Risky Map Clicking: Biggest States A-Z
8
1-10 Letter E Words III
More Movies Quizzes
Spielberg Movies by Oscar Nominations
Published
Trending Quizzes
Risky Map Clicking: Least Populous States A-Z
1-10 Letter G Words
1-10 Letter F Words
One Thing in Common: United Kingdom
Risky Map Clicking: Next State Alphabetically
Recently Updated
Leaping Animals
pecheneg
Reality TV Shows (A-Z)
bhenderson79
Rickey Henderson's Hall of Fame Teammates
pecheneg
Champions League XIs: Arsenal
pecheneg
Quick Pick: Celebrities in WWE's Hall of Fame
aduchscher
A-Z Keypad Blitz II
pecheneg
Multiple Oscar Actors
pecheneg
Mystery Phrase Blitz: Oscar 'Best Actors'
pecheneg
F. Scott Fitzgerald Novels
LTH
Pick 3 Villains
ddd62291
Trending Topics
Kpop
Marvel
Harry Potter
Anime
NBA
Disney
Crossword
Puzzle
Soccer
WWE
NFL
Song
The Office
Country
Pokémon
Your Account Isn't Verified!
In order to create a playlist on Sporcle, you need to verify the email address you used during registration. Go to your
Sporcle Settings
to finish the process.
Report this User
Report this user for behavior that violates our
Community Guidelines
.
Details:
Send Report
Go to the Sporcle.com Mobile Site →
Comments